Opus cinématographiques 10 - Alien - Statistiques

Statistiques générales
  • Ce quiz a été pris 272 fois
  • Le résultat moyen est 7 sur 8
Statistiques - réponses
Date de sortie Titre % Correct
1979 Alien - Le Huitième Passager
100%
1986 Aliens - Le Retour
91%
1992 Alien 3
90%
2012 Prometheus
86%
2017 Alien - Covenant
82%
2004 Alien vs. Predator
82%
1997 Alien - La Résurrection
71%
2007 Alien vs. Predator - Requiem
58%
Aucun quiz correspondant
Distribution des résultats
% des personnes avec chaque résultat
Percentile par nombre de réponses
Votre historique - résultats
Vous n’avez pas pris ce quiz